Jawetz, Melnick & Adelberg's medical microbiology / (Record no. 1799)
[ view plain ]
| 000 -LEADER | |
|---|---|
| fixed length control field | 01694cam a2200529 i 4500 |
| 003 - CONTROL NUMBER IDENTIFIER | |
| control field | UkOxU |
| 005 - DATE AND TIME OF LATEST TRANSACTION | |
| control field | 20210630084921.0 |
| 008 - FIXED-LENGTH DATA ELEMENTS--GENERAL INFORMATION | |
| fixed length control field | 090613s2010 nyuab b 001 0 eng d |
| 020 ## - INTERNATIONAL STANDARD BOOK NUMBER | |
| International Standard Book Number | 9780071624961 |
| 020 ## - INTERNATIONAL STANDARD BOOK NUMBER | |
| International Standard Book Number | 0071624961 |
| 038 ## - RECORD CONTENT LICENSOR | |
| Record content licensor | OCoLC |
| 040 ## - CATALOGING SOURCE | |
| Transcribing agency | BTCTA |
| 049 ## - LOCAL HOLDINGS (OCLC) | |
| Local processing data | o |
| 050 ## - LIBRARY OF CONGRESS CALL NUMBER | |
| Classification number | QR46 |
| Item number | .J2 2010 |
| 245 00 - TITLE STATEMENT | |
| Title | Jawetz, Melnick & Adelberg's medical microbiology / |
| Statement of responsibility, etc. | Geo. F. Brooks [and four others]. |
| 250 ## - EDITION STATEMENT | |
| Edition statement | Twenty-fifth edition. |
| 264 #1 - PRODUCTION, PUBLICATION, DISTRIBUTION, MANUFACTURE, AND COPYRIGHT NOTICE | |
| Place of production, publication, distribution, manufacture | New York : |
| Name of producer, publisher, distributor, manufacturer | McGrawHill Medical, |
| Date of production, publication, distribution, manufacture, or copyright notice | 2010. |
| 264 #4 - PRODUCTION, PUBLICATION, DISTRIBUTION, MANUFACTURE, AND COPYRIGHT NOTICE | |
| Date of production, publication, distribution, manufacture, or copyright notice | ©2010. |
| 300 ## - PHYSICAL DESCRIPTION | |
| Extent | xi, 814 pages : |
| Other physical details | illustrations (chiefly colour), maps ; |
| Dimensions | 28 cm |
| 336 ## - CONTENT TYPE | |
| Content type term | text |
| Source | rdacontent |
| 337 ## - MEDIA TYPE | |
| Media type term | unmediated |
| Source | rdamedia |
| 338 ## - CARRIER TYPE | |
| Carrier type term | volume |
| Source | rdacarrier |
| 500 ## - GENERAL NOTE | |
| General note | Previous ed.: 2007. |
| 504 ## - BIBLIOGRAPHY, ETC. NOTE | |
| Bibliography, etc. note | Includes bibliographical references and index. |
| 650 #0 - SUBJECT ADDED ENTRY--TOPICAL TERM | |
| Topical term or geographic name entry element | Medical microbiology. |
| 650 #0 - SUBJECT ADDED ENTRY--TOPICAL TERM | |
| Topical term or geographic name entry element | Diagnostic microbiology. |
| 700 1# - ADDED ENTRY--PERSONAL NAME | |
| Personal name | Brooks, George F., |
| Relator term | author. |
| 942 ## - ADDED ENTRY ELEMENTS (KOHA) | |
| Source of classification or shelving scheme | |
| Koha item type | Book |
| Suppress in OPAC | MM |
| Withdrawn status | Lost status | Source of classification or shelving scheme | Damaged status | Not for loan | Permanent Location | Current Location | Shelving location | Date acquired | Total Checkouts | Full call number | Barcode | Date last seen | Date last checked out | Price effective from | Koha item type | Public note |
|---|---|---|---|---|---|---|---|---|---|---|---|---|---|---|---|---|
| AU LIBRARY | AU LIBRARY | Open Shelf | 30.06.2021 | 1 | QR46 .J2 2010 | 28000489 | 09.10.2023 | 06.02.2023 | 30.06.2021 | Book | MM |